[Event "Managua Arellano Memorial"]
[Site "Managua"]
[Date "2023.08.06"]
[Round "8"]
[White "Pavon Ruiz, Cristhoffer Israel"]
[Black "Allen Montes, Charles Mijail"]
[Result "1/2-1/2"]
[WhiteElo "1490"]
[BlackElo "1485"]
[PlyCount "108"]
[EventDate "2023.07.22"]
[EventType "swiss"]
[EventRounds "9"]
[EventCountry "NCA"]
[SourceTitle "EXT 2024"]
[Source "ChessBase"]
[SourceDate "2023.10.10"]
[SourceVersion "1"]
[SourceVersionDate "2023.10.10"]
[SourceQuality "1"]

1. d4 Nf6 2. Nf3 d5 3. c4 e6 4. Nc3 c5 5. e3 Be7 6. cxd5 Nxd5 7. Bc4 Nb6 8. Bb3 0-0 9. 0-0 N8d7 10. Ne4 cxd4 11. exd4 Nf6 12. Nc5 Nbd5 13. Re1 b6 14. Nd3 Bb7 15. Nfe5 Nb4 16. Nxb4 Bxb4 17. Re3 Re8 18. Rg3 Rc8 19. Bh6 g6 20. Bg5 Kg7 21. Ba4 Re7 22. Ng4 Nxg4 23. Bxe7 Bxe7 24. Qxg4 Bf6 25. Rd1 Rc4 26. Bb3 Rxd4 27. Rxd4 Qxd4 28. Qxd4 Bxd4 29. Rd3 e5 30. Rd2 a5 31. Bc4 Be4 32. Kf1 g5 33. f3 Bf5 34. h3 Kf6 35. b3 h5 36. g4 hxg4 37. hxg4 Be6 38. Bb5 Bd5 39. Ke2 Ke6 40. Bd3 Kd6 41. Rc2 Bc5 42. Be4 f6 43. Rd2 Bd4 44. Kd3 Bc5 45. Rh2 Bxe4+ 46. Kxe4 Ke6 47. a4 Bb4 48. Rh7 Bd6 49. Rb7 Bc5 50. Rc7 Kd6 51. Rc8 Kd7 52. Rxc5 bxc5 53. Kd5 Ke7 54. Kxc5 f5 1/2-1/2

[Event "Managua Arellano Memorial"]
[Site "Managua"]
[Date "2023.07.30"]
[Round "6"]
[White "Pavon Ruiz, Cristhoffer Israel"]
[Black "Avalos, Carlos"]
[Result "1/2-1/2"]
[WhiteElo "1490"]
[BlackElo "1867"]
[PlyCount "91"]
[EventDate "2023.07.22"]
[EventType "swiss"]
[EventRounds "9"]
[EventCountry "NCA"]
[SourceTitle "EXT 2024"]
[Source "ChessBase"]
[SourceDate "2023.10.10"]
[SourceVersion "1"]
[SourceVersionDate "2023.10.10"]
[SourceQuality "1"]

1. d4 d6 2. Nf3 Bg4 3. Nbd2 Nf6 4. g3 Nbd7 5. Bg2 c6 6. 0-0 Qc7 7. Re1 e5 8. dxe5 dxe5 9. c3 Be7 10. Qc2 0-0 11. e4 Rad8 12. Nf1 Nc5 13. Ne3 Bxf3 14. Bxf3 Nd3 15. Rd1 Nxc1 16. Raxc1 Bc5 17. Nf5 g6 18. Nh6+ Kg7 19. Ng4 Nxg4 20. Bxg4 h5 21. Bf3 Rxd1+ 22. Rxd1 Rd8 23. Kg2 Rd7 24. Rxd7 Qxd7 25. Qd1 Qe6 26. b3 Qd6 27. Qxd6 Bxd6 28. h3 Ba3 29. g4 hxg4 30. hxg4 g5 31. Be2 Bb2 32. c4 c5 33. Bd3 Kf6 34. Kf3 Ke6 35. Ke2 Kd6 36. f3 Bc3 37. Kd1 Kc6 38. Kc2 Be1 39. a3 a6 40. a4 Kb6 41. Bf1 Ka5 42. Bd3 Kb4 43. Bf1 Bc3 44. Bd3 Bd4 45. Bf1 f6 46. Bd3 1/2-1/2

[Event "Managua Ramirez de Arellano Memorial"]
[Site "Managua"]
[Date "2022.07.23"]
[Round "1"]
[White "Pavon Ruiz, Cristhoffer Israel"]
[Black "Velasquez, Rommel"]
[Result "0-1"]
[WhiteElo "1383"]
[BlackElo "1922"]
[PlyCount "78"]
[EventDate "2022.07.23"]
[EventType "swiss"]
[EventRounds "9"]
[EventCountry "NCA"]
[SourceTitle "EXT 2024"]
[Source "ChessBase"]
[SourceDate "2023.10.10"]
[SourceVersion "1"]
[SourceVersionDate "2023.10.10"]
[SourceQuality "1"]

1. e4 c5 2. Nf3 d6 3. d4 cxd4 4. Nxd4 Nf6 5. Nc3 g6 6. Bc4 Bg7 7. 0-0 0-0 8. Be3 Nc6 9. f3 Nxd4 10. Bxd4 Be6 11. Nd5 Nxd5 12. Bxg7 Ne3 13. Qd4 Nxc4 14. Bxf8 Qxf8 15. b3 Nb6 16. f4 Qg7 17. Qe3 d5 18. f5 d4 19. Qe2 Bd7 20. Rad1 Qe5 21. fxg6 hxg6 22. Qf2 Be6 23. Rxd4 Kg7 24. Rfd1 Rh8 25. g3 Rc8 26. c4 Qc7 27. Qb2 f6 28. Qd2 Qe5 29. Qf2 a5 30. Qe3 a4 31. R1d2 axb3 32. axb3 Ra8 33. Kg2 Qh5 34. Qg1 Bh3+ 35. Kf2 Qc5 36. Kf3 Nd7 37. Ke2 Bg4+ 38. Kd3 Ne5+ 39. Kc3 Nf3 0-1

[Event "NCA-ch Fase 2"]
[Site "Managua"]
[Date "2022.02.06"]
[Round "8"]
[White "Pilarte Castro, Rene Ozmar"]
[Black "Pavon Ruiz, Cristhoffer Israel"]
[Result "1-0"]
[WhiteElo "1289"]
[BlackElo "1299"]
[PlyCount "67"]
[EventDate "2022.01.22"]
[EventType "swiss"]
[EventRounds "9"]
[EventCountry "NCA"]
[SourceTitle "CBM 207 Extra"]
[Source "ChessBase"]
[SourceDate "2022.05.31"]
[SourceVersion "1"]
[SourceVersionDate "2022.05.31"]
[SourceQuality "1"]

1. c4 Nf6 2. d3 g6 3. e4 d6 4. g3 Bg7 5. Bg2 0-0 6. Ne2 e5 7. Nbc3 Nc6 8. 0-0 Nd4 9. b4 a5 10. b5 c6 11. bxc6 bxc6 12. Nxd4 exd4 13. Ne2 c5 14. e5 Rb8 15. exf6 Qxf6 16. Nf4 Be6 17. Nd5 Qd8 18. a4 Re8 19. Bd2 Bf5 20. Qc2 h5 21. h4 Ra8 22. Rfe1 Be6 23. Rab1 Bxd5 24. Rxe8+ Qxe8 25. Bxd5 Ra7 26. Bf4 Bf8 27. Qb3 Re7 28. Kg2 Re2 29. Qd1 Re7 30. Bxd6 Rd7 31. Rb8 Qxb8 32. Bxb8 Rxd5 33. cxd5 c4 34. dxc4 1-0

[Event "Managua Hurtado Memorial op"]
[Site "Managua"]
[Date "2021.12.30"]
[Round "8"]
[White "Pavon Ruiz, Cristhoffer Israel"]
[Black "Trana, Luis Manuel"]
[Result "1-0"]
[WhiteElo "1299"]
[BlackElo "1414"]
[PlyCount "41"]
[EventDate "2021.12.26"]
[EventType "swiss"]
[EventRounds "9"]
[EventCountry "NCA"]
[SourceTitle "CBM 206 Extra"]
[Source "ChessBase"]
[SourceDate "2022.03.31"]
[SourceVersion "1"]
[SourceVersionDate "2022.03.31"]
[SourceQuality "1"]

1. e4 c5 2. Nf3 g6 3. d4 Bg7 4. Be2 cxd4 5. Nxd4 e5 6. Nb5 Bf8 7. N1c3 Nf6 8. Bg5 Bb4 9. Bxf6 Qxf6 10. Nc7+ Kf8 11. Nxa8 Na6 12. 0-0 Bxc3 13. bxc3 Qc6 14. Bxa6 bxa6 15. Qd5 Qxd5 16. exd5 Kg7 17. Nc7 f5 18. Rab1 h5 19. Rb8 h4 20. Rfb1 f4 21. Ra8 1-0

[Event "Managua Hurtado Memorial op"]
[Site "Managua"]
[Date "2021.12.28"]
[Round "5"]
[White "Pavon Ruiz, Cristhoffer Israel"]
[Black "Godoy Barbosa, Jaime"]
[Result "1-0"]
[WhiteElo "1299"]
[BlackElo "1489"]
[PlyCount "75"]
[EventDate "2021.12.26"]
[EventType "swiss"]
[EventRounds "9"]
[EventCountry "NCA"]
[SourceTitle "CBM 206 Extra"]
[Source "ChessBase"]
[SourceDate "2022.03.31"]
[SourceVersion "1"]
[SourceVersionDate "2022.03.31"]
[SourceQuality "1"]

1. g3 f5 2. Bg2 Nf6 3. d4 e6 4. c4 c6 5. Nf3 d5 6. cxd5 exd5 7. Ne5 Bb4+ 8. Bd2 Bd6 9. f4 Ne4 10. e3 0-0 11. 0-0 Nd7 12. Be1 Ndf6 13. Nc3 Qe8 14. a3 b6 15. Rc1 Ba6 16. Nxe4 Nxe4 17. Rf3 Bb7 18. h3 c5 19. g4 cxd4 20. exd4 fxg4 21. hxg4 Qe6 22. g5 Bxe5 23. dxe5 Qg4 24. Rc7 Rxf4 25. Rxb7 Nxg5 26. Qxd5+ Kh8 27. Rxf4 Nh3+ 28. Kh2 Nxf4 29. Qf3 Qxf3 30. Bxf3 Re8 31. Rxa7 h6 32. Ra8 Rxa8 33. Bxa8 Kg8 34. Bf2 b5 35. Bc5 Kf7 36. Bc6 Nd3 37. Bd4 b4 38. a4 1-0

[Event "NCA-ch U20"]
[Site "Managua"]
[Date "2021.06.27"]
[Round "2"]
[White "Pavon Ruiz, Cristhoffer Israel"]
[Black "Granados Ortiz, Maria Jose"]
[Result "0-1"]
[WhiteElo "1324"]
[BlackElo "1732"]
[PlyCount "48"]
[EventDate "2021.06.26"]
[EventType "swiss"]
[EventRounds "9"]
[EventCountry "NCA"]
[SourceTitle "EXT 2022"]
[Source "ChessBase"]
[SourceDate "2021.10.06"]
[SourceVersion "1"]
[SourceVersionDate "2021.10.06"]
[SourceQuality "1"]

1. e4 Nf6 2. e5 Nd5 3. d4 d6 4. Nf3 Bg4 5. Be2 Nc6 6. 0-0 e6 7. b3 Be7 8. c4 Nb6 9. h3 Bf5 10. Nc3 dxe5 11. dxe5 0-0 12. Bb2 Bc5 13. Qxd8 Raxd8 14. Rad1 a6 15. Rxd8 Rxd8 16. Rd1 Rd7 17. Rxd7 Nxd7 18. Na4 Be7 19. Bd1 Bg6 20. a3 Bh5 21. g4 Bg6 22. g5 b6 23. b4 b5 24. c5 bxa4 0-1

[Event "Managua Gomez Argenal Memorial"]
[Site "Managua"]
[Date "2021.06.20"]
[Round "8"]
[White "Pavon Ruiz, Cristhoffer Israel"]
[Black "Moncada, Orlando Jose"]
[Result "1-0"]
[WhiteElo "1324"]
[BlackElo "1507"]
[PlyCount "75"]
[EventDate "2021.05.29"]
[EventType "swiss"]
[EventRounds "9"]
[EventCountry "NCA"]
[SourceTitle "EXT 2022"]
[Source "ChessBase"]
[SourceDate "2021.10.06"]
[SourceVersion "1"]
[SourceVersionDate "2021.10.06"]
[SourceQuality "1"]

1. e4 e5 2. Nf3 d6 3. Bc4 Be7 4. d4 Nc6 5. c3 Nf6 6. dxe5 dxe5 7. Qe2 0-0 8. 0-0 Bg4 9. Rd1 Bd6 10. Bg5 h6 11. Bh4 g5 12. Bg3 Nh5 13. h3 Nxg3 14. fxg3 Bh5 15. Kh2 Qe7 16. g4 Bg6 17. Nbd2 Rad8 18. a3 Kg7 19. Nf1 Qf6 20. Ng3 Rh8 21. Rf1 Qe7 22. Nd2 f6 23. Nf5+ Bxf5 24. Rxf5 Rdf8 25. Raf1 Nd8 26. Qf2 Ne6 27. Bxe6 Qxe6 28. h4 b6 29. h5 Bc5 30. Qf3 Rf7 31. b4 Rd8 32. Qe2 Qa2 33. bxc5 Rxd2 34. Qf3 Kg8 35. cxb6 cxb6 36. Rf2 Rxf2 37. Qxf2 Kg7 38. Qxa2 1-0

[Event "Managua Gomez Argenal Memorial"]
[Site "Managua"]
[Date "2021.06.13"]
[Round "7"]
[White "Escobar, Edgar Antonio"]
[Black "Pavon Ruiz, Cristhoffer Israel"]
[Result "1-0"]
[WhiteElo "1977"]
[BlackElo "1324"]
[PlyCount "51"]
[EventDate "2021.05.29"]
[EventType "swiss"]
[EventRounds "9"]
[EventCountry "NCA"]
[SourceTitle "EXT 2022"]
[Source "ChessBase"]
[SourceDate "2021.10.06"]
[SourceVersion "1"]
[SourceVersionDate "2021.10.06"]
[SourceQuality "1"]

1. e4 e5 2. Nf3 Nc6 3. Bb5 Nd4 4. Nxd4 exd4 5. d3 c6 6. Bc4 Be7 7. 0-0 Nf6 8. e5 Nd5 9. Nd2 Nb6 10. Bb3 0-0 11. Ne4 d5 12. exd6 Bxd6 13. Qh5 Be7 14. f4 Nd7 15. f5 Nf6 16. Nxf6+ Bxf6 17. Bd2 Be5 18. Rf3 Qf6 19. Bg5 Qd6 20. f6 Be6 21. Bxe6 fxe6 22. f7+ Kh8 23. Rh3 Bxh2+ 24. Kh1 h6 25. Bxh6 gxh6 26. Qxh6# 1-0

[Event "Managua Hurtado Memorial 20th"]
[Site "Managua"]
[Date "2020.12.29"]
[Round "6"]
[White "Obregon Amador, Jose Francisco"]
[Black "Pavon Ruiz, Cristhoffer Israel"]
[Result "1-0"]
[WhiteElo "1762"]
[BlackElo "1307"]
[PlyCount "113"]
[EventDate "2020.12.26"]
[EventType "swiss"]
[EventRounds "9"]
[EventCountry "NCA"]
[SourceTitle "CBM 200 Extra"]
[Source "ChessBase"]
[SourceDate "2021.03.31"]
[SourceVersion "1"]
[SourceVersionDate "2021.03.31"]
[SourceQuality "1"]

1. d4 d5 2. Bf4 Nf6 3. e3 e6 4. Bd3 Nh5 5. Qxh5 Bd7 6. Nf3 Nc6 7. c3 g6 8. Qh4 Be7 9. Qg3 Rc8 10. Nbd2 f5 11. Ne5 Nxe5 12. Bxe5 Rg8 13. Be2 Bh4 14. Qf3 c5 15. g3 Be7 16. h4 Qb6 17. Rb1 Bc6 18. Qf4 Bf8 19. Nf3 h6 20. g4 c4 21. gxf5 gxf5 22. Rg1 Rxg1+ 23. Nxg1 Qd8 24. Qg3 Qe7 25. Qg6+ Kd7 26. Bf6 Qd6 27. Qf7+ Be7 28. Bxe7 Qxe7 29. Qxe7+ Kxe7 30. Nf3 Rg8 31. Kd2 Rg2 32. Rf1 Be8 33. Ne5 Rh2 34. h5 Bxh5 35. Bxh5 Rxh5 36. Rg1 Rg5 37. Rxg5 hxg5 38. f4 g4 39. Ke2 a5 40. Kf2 Kd6 41. Kg3 b5 42. Kh4 b4 43. Kg5 Ke7 44. Nc6+ Kd7 45. Ne5+ Ke7 46. Kh4 Kd6 47. Kg3 b3 48. a4 Kc7 49. Nxg4 fxg4 50. Kxg4 Kd6 51. f5 Ke7 52. Kf4 Kf6 53. fxe6 Kxe6 54. Kg5 Ke7 55. Kf5 Kd6 56. Kf6 Kc7 57. Ke6 1-0

[Event "Managua Hurtado Memorial 20th"]
[Site "Managua"]
[Date "2020.12.27"]
[Round "2"]
[White "Pavon Ruiz, Cristhoffer Israel"]
[Black "Espinoza Roman, Juan Carlos"]
[Result "1/2-1/2"]
[WhiteElo "1307"]
[BlackElo "1749"]
[PlyCount "126"]
[EventDate "2020.12.26"]
[EventType "swiss"]
[EventRounds "9"]
[EventCountry "NCA"]
[SourceTitle "CBM 200 Extra"]
[Source "ChessBase"]
[SourceDate "2021.03.31"]
[SourceVersion "1"]
[SourceVersionDate "2021.03.31"]
[SourceQuality "1"]

1. d4 e6 2. Bf4 d5 3. e3 Nf6 4. Nd2 Bd6 5. Bg3 b6 6. c3 0-0 7. Bd3 Ba6 8. Bc2 Nbd7 9. e4 dxe4 10. Nxe4 Nxe4 11. Bxe4 Rb8 12. Qc2 f5 13. Bxd6 cxd6 14. Bd3 Bxd3 15. Qxd3 Qe7 16. Nf3 e5 17. 0-0 Kh8 18. Rfe1 Rbe8 19. dxe5 Nxe5 20. Nxe5 dxe5 21. Qc2 Qc5 22. Rad1 Re7 23. b4 Qc6 24. Qd3 e4 25. Qd6 Qxd6 26. Rxd6 Rc7 27. Rc1 Rfc8 28. f3 exf3 29. gxf3 g6 30. Rd3 Kg7 31. Kf2 b5 32. Ke2 Re8+ 33. Kf2 Kf6 34. f4 Re4 35. Kg3 Rxb4 36. cxb4 Rxc1 37. Rd6+ Ke7 38. Ra6 Rc7 39. Ra5 Rb7 40. Kh4 Kd6 41. Kg5 Kd5 42. a4 Kc4 43. axb5 Kxb4 44. Ra1 Kxb5 45. Kh6 Kc5 46. h4 Kd4 47. h5 gxh5 48. Kxh5 Ke4 49. Kg5 Rf7 50. Ra4+ Ke3 51. Kh6 Re7 52. Kg5 Rg7+ 53. Kxf5 h5 54. Kf6 Rg4 55. Ke5 h4 56. Ra3+ Kf2 57. f5 Rg3 58. Ra2+ Kg1 59. Kf4 Rg8 60. Rxa7 h3 61. Kf3 Rg2 62. f6 Rf2+ 63. Kg3 Rxf6 1/2-1/2

[Event "Managua Hurtado Memorial 20th"]
[Site "Managua"]
[Date "2020.12.26"]
[Round "1"]
[White "Escorcia Obando, Carlos David"]
[Black "Pavon Ruiz, Cristhoffer Israel"]
[Result "1-0"]
[WhiteElo "1973"]
[BlackElo "1307"]
[PlyCount "59"]
[EventDate "2020.12.26"]
[EventType "swiss"]
[EventRounds "9"]
[EventCountry "NCA"]
[SourceTitle "CBM 200 Extra"]
[Source "ChessBase"]
[SourceDate "2021.03.31"]
[SourceVersion "1"]
[SourceVersionDate "2021.03.31"]
[SourceQuality "1"]

1. b3 e6 2. Bb2 Nc6 3. Nf3 d5 4. e3 Nf6 5. Be2 Be7 6. 0-0 a6 7. d4 0-0 8. Nbd2 Ne4 9. Rc1 Nb4 10. a3 Nc6 11. c4 f5 12. Qc2 Nxd2 13. Qxd2 b6 14. cxd5 Qxd5 15. Bc4 Qd7 16. Bxe6+ Qxe6 17. d5 Qf7 18. Rxc6 Bd6 19. Ne5 Qe8 20. Nc4 Qd8 21. Nxd6 cxd6 22. Qd4 Ra7 23. Rxb6 Raf7 24. Rc1 Qe7 25. Qf4 Rd8 26. Rcc6 Bb7 27. Rxd6 Bxd5 28. Rxd8+ Qxd8 29. Rb8 Rf8 30. Rxd8 1-0

[Event "NCA-chT 1st Stage"]
[Site "Managua"]
[Date "2020.10.11"]
[Round "8.22"]
[White "Pavon Ruiz, Cristhoffer Israel"]
[Black "Altamirano Beteta, Alexander Jose"]
[Result "0-1"]
[WhiteElo "1257"]
[BlackElo "1422"]
[PlyCount "86"]
[EventDate "2020.10.03"]
[EventType "team-swiss"]
[EventRounds "9"]
[EventCountry "NCA"]
[SourceTitle "EXT 2022"]
[Source "ChessBase"]
[SourceDate "2021.10.06"]
[SourceVersion "1"]
[SourceVersionDate "2021.10.06"]
[SourceQuality "1"]

1. e4 e6 2. Nc3 d5 3. exd5 exd5 4. d4 Nf6 5. Nf3 Be7 6. Bd3 c6 7. Bf4 Be6 8. Ng5 Bg4 9. f3 Bh5 10. Qe2 h6 11. Nh3 0-0 12. 0-0-0 Nbd7 13. g4 Bg6 14. Bxg6 fxg6 15. Qe6+ Kh7 16. Rhg1 g5 17. Bd2 Ne8 18. f4 Rf6 19. Qe3 gxf4 20. Nxf4 g5 21. Nh5 Rf7 22. Rdf1 Nef6 23. h4 Qg8 24. hxg5 Nxh5 25. Rxf7+ Qxf7 26. g6+ Qxg6 27. gxh5 Qf6 28. Rg6 Qf1+ 29. Nd1 Bg5 30. Rxg5 hxg5 31. Qe7+ Kg8 32. Qxd7 g4 33. Qxg4+ Kh8 34. Qg6 Rf8 35. Bg5 Qf7 36. Qh6+ Kg8 37. Be3 a6 38. Qg5+ Kh8 39. h6 Rg8 40. Qh4 Kh7 41. a3 Rg2 42. b4 Qf5 43. Bd2 Kh8 0-1

[Event "NCA-chT 1st Stage"]
[Site "Managua"]
[Date "2020.10.11"]
[Round "7.14"]
[White "Pavon Ruiz, Cristhoffer Israel"]
[Black "Valle Alonso, Moises Abraham"]
[Result "0-1"]
[WhiteElo "1257"]
[BlackElo "1874"]
[PlyCount "46"]
[EventDate "2020.10.03"]
[EventType "team-swiss"]
[EventRounds "9"]
[EventCountry "NCA"]
[SourceTitle "EXT 2022"]
[Source "ChessBase"]
[SourceDate "2021.10.06"]
[SourceVersion "1"]
[SourceVersionDate "2021.10.06"]
[SourceQuality "1"]

1. e4 e5 2. Bc4 Nc6 3. Nf3 Be7 4. a3 d6 5. d4 Bg4 6. c3 Nf6 7. Qd3 0-0 8. h3 Bh5 9. g4 Bg6 10. Nbd2 Re8 11. g5 Nh5 12. h4 Nf4 13. Qf1 exd4 14. cxd4 Bf8 15. Kd1 Bxe4 16. Nxe4 Rxe4 17. Bxf4 Rxf4 18. Qd3 d5 19. Bb3 Qd6 20. h5 Re8 21. g6 Ree4 22. gxf7+ Kh8 23. Kc2 Rxf3 0-1

[Event "Managua Gomez Argenal Memorial"]
[Site "Managua"]
[Date "2020.06.21"]
[Round "9"]
[White "Pavon Ruiz, Cristhoffer Israel"]
[Black "Vanegas Lopez, Natanael Emanuel"]
[Result "0-1"]
[WhiteElo "1315"]
[BlackElo "1371"]
[PlyCount "40"]
[EventDate "2020.06.06"]
[EventType "swiss"]
[EventRounds "9"]
[EventCountry "NCA"]
[SourceTitle "CBM 197 Extra"]
[Source "ChessBase"]
[SourceDate "2020.09.30"]
[SourceVersion "1"]
[SourceVersionDate "2020.09.30"]
[SourceQuality "1"]

1. e4 e5 2. Bc4 Bc5 3. Nc3 Nf6 4. Nf3 Nc6 5. 0-0 d6 6. Ng5 0-0 7. d3 h6 8. Nf3 Be6 9. Nd5 Na5 10. Nxf6+ Qxf6 11. Bxe6 fxe6 12. Qd2 Nc6 13. Qc3 Nd4 14. Nxd4 Bxd4 15. Qd2 Rf7 16. c4 Bb6 17. Qc2 Raf8 18. Be3 Bxe3 19. fxe3 Qxf1+ 20. Rxf1 Rxf1# 0-1

[Event "NCA-chT fase1"]
[Site "Managua"]
[Date "2019.09.29"]
[Round "3.4"]
[White "Ramos Castillo, Mijail"]
[Black "Pavon Ruiz, Cristhoffer Israel"]
[Result "0-1"]
[WhiteElo "1333"]
[BlackElo "1312"]
[PlyCount "72"]
[EventDate "2019.09.28"]
[EventType "team-swiss"]
[EventRounds "9"]
[EventCountry "NCA"]
[SourceTitle "CBM 194 Extra"]
[Source "ChessBase"]
[SourceDate "2020.03.31"]
[SourceVersion "1"]
[SourceVersionDate "2020.03.31"]
[SourceQuality "1"]
[WhiteTeam "Sandino"]
[BlackTeam "Los Jackers"]
[WhiteTeamCountry "NCA"]
[BlackTeamCountry "NCA"]

1. e4 e6 2. Nf3 d5 3. exd5 exd5 4. d4 Be7 5. Nc3 Nf6 6. Bg5 h6 7. Bxf6 Bxf6 8. Bd3 0-0 9. 0-0 c6 10. Qd2 Bg4 11. Be2 Nd7 12. h3 Bh5 13. Rfe1 Nb6 14. b3 Re8 15. Rad1 Nc8 16. Qf4 c5 17. Qf5 Bxf3 18. Bxf3 cxd4 19. Nxd5 Rxe1+ 20. Rxe1 Nd6 21. Nxf6+ Qxf6 22. Qxf6 gxf6 23. Rd1 Nb5 24. Bxb7 Rb8 25. Bc6 Nc3 26. Rxd4 Ne2+ 27. Kf1 Nxd4 28. Be4 f5 29. Bd3 Rc8 30. c4 Kg7 31. f3 Kf6 32. Kf2 Re8 33. Kg3 Ne2+ 34. Kf2 Nc3 35. a4 f4 36. Bc2 Re2+ 0-1